| 000 | 01267cam a2200385 i 4500 | ||
|---|---|---|---|
| 001 | 200461758 | ||
| 003 | TR-AnTOB | ||
| 005 | 20240711133504.0 | ||
| 007 | ta | ||
| 008 | 091215t20092008tu 000 1 tur d | ||
| 020 | _a9786054228089 | ||
| 040 |
_aAU@ _beng _erda _cAU@ _dSULEY _dTR-AnTOB |
||
| 041 | 1 |
_atur _heng |
|
| 050 | 0 | 0 |
_aPZ7.G53887 _bR8619 2009 |
| 090 |
_aPZ7.G53887 _bR8619 2009 TıpFaK |
||
| 100 | 1 |
_aGodbersen, Anna _eauthor _9146311 |
|
| 240 | 1 | 0 |
_aRumours _lTurkish. |
| 245 | 1 | 0 |
_aFısıltılar / _cAnna Godbersen ; İngilizce aslından çeviren: Bige Turan. |
| 246 | 3 | 4 |
_aBir lüks romanı : _bfısıltılar. |
| 250 | _a1. Basım : Haziran 2009 | ||
| 264 | 1 |
_aİstanbul : _bArtemis Yayınları, _c2009. |
|
| 264 | 4 | _c©2008 | |
| 300 |
_a482 pages ; _c20 cm |
||
| 336 |
_atext _btxt _2rdacontent |
||
| 337 |
_aunmediated _bn _2rdamedia |
||
| 338 |
_avolume _bnc _2rdacarrier |
||
| 490 | 0 |
_aABG ; _v46 _aAB ; _v192 _aA ; _v55 |
|
| 650 | 7 |
_aYaşam biçimi _vRoman _2etuturkob _942437 |
|
| 650 | 7 |
_aSosyal sınıflar _vRoman _2etuturkob _945958 |
|
| 650 | 7 |
_aServet _vRoman _2etuturkob _9123911 |
|
| 650 | 7 |
_aAşk _vRoman _2etuturkob _983634 |
|
| 700 | 1 |
_aZourbakis, Bige Turan _d1982- _etranslator _9129820 |
|
| 942 |
_2lcc _cBK |
||
| 999 |
_c200461758 _d79970 |
||